MDQL
is popping MORE tags! Check the
thread
!
Quizzes
Events
Quiz Creation
Community
Videos
Private Events
Remove Ads
Sign In
Join for FREE
Feedback
Dark Mode
Quiz Categories
Sports
Geography
Music
Movies
Television
Just For Fun
Miscellaneous
History
Literature
Language
Science
Gaming
Entertainment
Religion
Holiday
For Kids
Quiz Lab
Recent
Popular Today
Quiz Kudos Today
Editor Picks
Curator Picks
Quizzes by...
Day
Popularity
Type
Ratings
Length
Year
Community
Subscriptions
Recent Discussions
Orange Saloon
Badges
Playlists
Quests
Create
Leaderboards
Showdown
Live 5
Trivia Bingo
Activity
Puzzle Library
Sporcle Events
Private Events
Virtual Trivia
Globe League
Become a Host
Pub Owners
SporcleCon
Opinionation
Our Games
Videos
Blog
Mobile Apps
Partnerships
Remove Ads and Go Orange
Feedback
Sports
Athletes
MLB
NBA
NHL
NFL
Soccer
Sports Teams
WWE
NCAA
Football
Premier League
Basketball
Baseball
Hockey
Golf
Tennis
Cricket
Rugby
Auto Racing
Olympics
World Cup
Sports
Athletes
MLB
NBA
NHL
NFL
Soccer
Sports Teams
WWE
NCAA
Football
Premier League
Basketball
Baseball
Hockey
Golf
Tennis
Cricket
Rugby
Auto Racing
Olympics
World Cup
Random Quiz
Search Sporcle
×
Quiz Lab
Quiz Lab
Sports
NBA
Select answers by clicking on text or image buttons
Select answers by clicking on text or image buttons
Clickable
Best Score? Go Orange.
NBA Top 3 draft picks 2003-2014 Stats
Can you name the Top 3 draft picks from 2003-2014
By
Mattkent
4m
36 Questions
9,697 Plays
9,697 Plays
9,697 Plays
Comments
Comments
Give Quiz Kudos
Give Quiz Kudos
-
- Ratings
hide this ad
Forced Order
Answers have to be entered in order
Answers have to be entered in order
Replay
Link that replays current quiz
Next Quiz
Link to next quiz in quiz playlist
You Got
0%
They Got
Avg Score
46%
Avg Friend Score
Upgrade to see
Score Distribution
Jump to the score distribution portion of the page
Score
0/36
Timer
04:00
0
Plays Today
% Correct
LeBron James
97.4%
Carmelo Anthony
92%
Dwight Howard
91.5%
Darko Milicic
87.3%
Andrew Bogut
72%
Emeka Okafor
64.9%
Andrea Bargnani
61.2%
Kevin Durant
59%
Derrick Rose
58.9%
Greg Oden
57%
Ben Gordon
53.3%
Michael Beasley
51.4%
Blake Griffin
49.8%
Deron Williams
48.1%
Marvin Williams
45.1%
Al Horford
44.6%
John Wall
42.2%
Kyrie Irving
40%
% Correct
Adam Morrison
39.1%
Anthony Davis
38.5%
Andrew Wiggins
34.9%
Anthony Bennett
34.6%
Jabari Parker
33.3%
LaMarcus Aldridge
33.2%
Evan Turner
32.8%
Joel Embiid
32.6%
Victor Oladipo
32.4%
Michael Kidd-Gilchrist
32.2%
James Harden
31.8%
Hasheem Thabeet
31.7%
Bradley Beal
28.9%
Otto Porter
28.3%
Derrick Williams
27.4%
Enes Kanter
26.3%
Derrick Favors
26%
OJ Mayo
21.6%
Quiz Playlist
Details
Report
Send in Message
Add To Playlist
Clickable:
Select answers by clicking on text or image buttons
Forced Order:
Answers have to be entered in order
Last Updated: Feb 16, 2017
Quiz Scoreboard
CHALLENGE
Sign Up to Join the Scoreboard
Show All
Scores
Hide
Comments
May contain spoilers
Recently Published
Two Season TV Shows II
by 123Four
Television
10m
Image Sorting: Flags VI
by Barbecue
Geography
2m
Find the 'City' Movie
by crazypaving
Movies
60s
More to Explore
Quiz From the Vault
Featured Blog Post
14 Easter Pick-up Lines to Find Eggs With
hide this ad
You Might Also Like...
Tags
NBA Quiz
NBA Draft
NBA Finals
NBA Jam
NBA MVP
NBA Opening Lineups
NBA Player
NBA Playoffs
NBA Points
NBA Team Leaders
NBA Teams
pre-nba
Today's Top Quizzes in Sports
Browse Sports
hide this ad
Today's Top Quizzes in NBA
Browse NBA
Top Contributed Quizzes in Sports
1
Les meilleurs buteurs des matchs entre le PSG et l’OM
2
Les entraîneurs de l'OM et du PSG au 21e siècle
3
2022 World Cup Stars
4
Les joueurs passés par le PSG et l'OM
5
Players with Multiple 50 Home Run Seasons
6
FIFA Club World Cup Champions
7
Criteria MLB: Left Handed Sluggers
8
Les joueurs passés par le LOSC et le RC Lens
9
Top 10 NHL Goal Scorers of All Time
10
MLB Players with Two .350 Batting Average Seasons
Explore More
Trending Topics
Kpop
Crossword
NBA
Harry Potter
Marvel
Disney
Anime
Pokémon
WWE
The Office
NFL
Puzzle
Song
Soccer
Country
hide this ad
More By:
Mattkent
Quiz
Plays
Rating
Category
Featured
Created
NBA Top 3 draft picks 2003-2014
9,697
2.58
Sports
Aug 5, 2014
AFL Top 100 players 2014
1,337
3.00
Sports
Aug 6, 2014
NBA Top 100 players 2013-14 season (Bleacher Report)
374
3.67
Sports
Jul 23, 2014
NFL Top 100 Players 2014 (BLEACHER REPORT)
335
5.00
Sports
Aug 4, 2014
NBA 2014 Draft Class
120
5.00
Sports
Jul 22, 2014
Go to Creator's Profile
Score Distribution
Quiz Creator Spotlight
Mattkent
Follow
Send a Message
Quizzes Created
-
Created Quiz Play Count
-
More By This Creator
Popular Quizzes Today
1
Find the US States - No Outlines Minefield
2
Colored Red Africa Blitz
3
Find the 'City' Movie
4
5x2 Blitz: Bands
5
The Countries of the World
6
Find the Countries of Europe - No Outlines Minefield
7
Find the US States
8
US States
More Sports Quizzes
FC Barcelona's Number 9's
Quiz Lab
Trending Quizzes
Colored Red Europe Blitz I
Colored Red Africa Blitz II
Colored Red Europe Blitz II
Colored Red Africa Blitz III
Colored Red Europe Blitz III
Recently Updated
How Do You Spell That?
pecheneg
Godzilla Movies
pecheneg
Grab Bag: 4-10 Letters
pecheneg
2024 March Madness Bracket
pecheneg
Famous TV Couples
Peacemaker
Champions League XIs: Real Madrid
pecheneg
Largest US Cities 1790-2010
pecheneg
Rides in Walt Disney World
pecheneg
Most Oscar Losses (Acting)
pecheneg
Beyoncé Albums
pecheneg
Trending Topics
Harry Potter
Kpop
Disney
Marvel
Anime
Crossword
NBA
Country
WWE
NFL
Soccer
Puzzle
Pokémon
The Office
Song
Your Account Isn't Verified!
In order to create a playlist on Sporcle, you need to verify the email address you used during registration. Go to your
Sporcle Settings
to finish the process.
Report this User
Report this user for behavior that violates our
Community Guidelines
.
Details:
Send Report
Go to the Sporcle.com Mobile Site →
Comments